000 01643cam a22003491i 4500
003 SA-RiAUC
005 20250526073320.0
008 250523s1988 su g i 000 0 ara c
040 _aEG-CaDAJ
_bara
_cSA-RiAUC
_erda
050 4 _bS84 1988
082 0 4 _a227.3016
_qSA-RiAUC
090 _a227.3016
_b ا ل س
100 1 _aآل سليمان، مشهور بن حسن،
_d1380 هجري-
_eمؤلف.
245 1 0 _aكشاف تحليلي للمسائل الفقهية في تفسير القرطبي /
_cمشهور بن حسن بن محمود آل سلمان، جمال عبد اللطيف.
250 _aالطبعة الأولى.
264 1 _aالطائف، السعودية :
_bمكتبة الصديق،
_c1988
300 _a286 صفحة ؛
_c24 سم
336 _aنص
_btxt
_2rdacontent
_3كتاب
337 _aبدون وسيط
_bn
_2rdamedia
338 _aمجلد
_bnc
_2rdacarrier
600 1 7 _aالقرطبي، محمد بن أحمد بن أبي بكر،
_dتوفي 671 هجري
_2aucnm
630 2 7 _aالقرآن
_xتفاسير مأثورة
_vكشافات
_2aucut
630 2 7 _aالقرآن
_xتفاسير
_vكشافات
_2aucut
650 7 _aالفقه الإسلامي
_vكشافات
_2aucsh
650 7 _aالعبادات (فقه إسلامي)
_2aucsh
700 1 _aالدسوقي، جمال عبد اللطيف
_eمؤلف.
700 1 2 _iكشاف لـ :
_aالقرطبي، محمد بن أحمد بن أبي بكر،
_dتوفي 671 هجري.
_tالجامع لأحكام القرآن
730 2 2 _aالقرآن
942 _2ddc
_cBOOK
_n0
949 _aSA-JeALM
_d250523
_umohamedma123
_n1
999 _c8379
_d8379